Historia de la música occidental.
Saved in:
| Main Author: | |
|---|---|
| Format: | Book |
| Language: | Spanish |
| Published: |
Valparaíso, Chile:
Ediciones Universitarias de Valparaíso,
1975
|
| Edition: | Segunda edición. |
| Subjects: | |
| Tags: |
Add Tag
No Tags, Be the first to tag this record!
|
MARC
| LEADER | 00000nam a2200000 a 4500 | ||
|---|---|---|---|
| 001 | UCN2444 | ||
| 003 | CL-VaPUC | ||
| 005 | 20240703121920.0 | ||
| 008 | 010518e19750000CL |||||||||||||||||spa|d | ||
| 999 | |c 295545 |d 295543 | ||
| 040 | |c Pontificia Universidad Católica de Valparaíso | ||
| 082 | 0 | 4 | |a 780.9 POB 1975 |2 21 |
| 100 | 0 | |a Poblete Varas, Carlos |e autor |9 458330 | |
| 245 | 1 | 0 | |a Historia de la música occidental. |
| 250 | |a Segunda edición. | ||
| 260 | |a Valparaíso, Chile: |b Ediciones Universitarias de Valparaíso, |c 1975 | ||
| 300 | |a Volumen I. | ||
| 500 | |a c.4 Donación Familia Prof. Alejandro Guzmán Brito. | ||
| 505 | |a v.I: Edad media - Renacimiento - Barroco. | ||
| 583 | |a last modification |c 20010518 00:00:00 |k Rodrigo Vera | ||
| 650 | 0 | |a Historia de la música |2 CL-VaPUC |9 306741 | |
| 650 | 0 | |a Música medieval |9 391244 | |
| 650 | 0 | |a Canto gregoriano |9 332477 | |
| 650 | 0 | |a Ars antiqua |2 CL-VaPUC |9 456907 | |
| 650 | 0 | |a Ars nova |9 458296 | |
| 650 | 0 | |a Música moderna |2 CL-VaPUC |9 349683 | |
| 650 | 0 | |a Música renacentista |9 391249 | |
| 650 | 0 | |a Música barroca |9 306256 | |
| 942 | |c BK |2 ddc |n 0 | ||
| 945 | |d 20010518 00:00:00 |a crobeson | ||
| 952 | |0 0 |1 0 |4 0 |6 780_900000000000000_POB_1975 |7 0 |8 A |9 348781 |a BIBEDU |b BIBEDU |d 2019-11-20 |h v.1 |i 1183710 |o 780.9 POB 1975 |p 1183710 |r 2023-01-12 |w 2019-11-20 |y BK |k MUS | ||
| 952 | |0 0 |1 0 |4 0 |6 780_900000000000000_POB_1975 |7 0 |8 A |9 348783 |a BIBEDU |b BIBEDU |d 2019-11-20 |h v.1 |i 1183737 |l 1 |o 780.9 POB 1975 |p 1183737 |r 2023-01-12 |s 2022-09-01 |w 2019-11-20 |y BK |k MUS | ||